| 000 | 00850nam a2200253Ia 4500 | ||
|---|---|---|---|
| 003 | OSt | ||
| 005 | 20220925230804.0 | ||
| 006 | a|||||r|||| 00| 0 | ||
| 007 | ta | ||
| 008 | 220923b |||||||| |||| 00| 0 eng d | ||
| 020 |
_a9781412996792 _c4689.96 |
||
| 037 |
_b34287, 14/03/2012, Segment Book Distrobutors _cGeneral Book |
||
| 040 |
_aRTL _cRTL _beng |
||
| 041 |
_2eng _aeng |
||
| 082 | _aY9(W):(G:55), Q1/RR | ||
| 100 |
_aMulvaney Dustin _9294360 |
||
| 245 | 0 |
_aGreen Politics _b An A to Z guide |
|
| 260 |
_aLos _bAngeles Sage _c2011 |
||
| 300 |
_axxxi, 503p. _ccm. |
||
| 490 | _aSage Reference Series Gon Green Society Towarda a Sustainable Future | ||
| 650 | _aSociology | ||
| 942 |
_hY9(W):(G:55), Q1/RR _cGB _2CC |
||
| 999 |
_c586606 _d586606 |
||